Представление документа в формате RUSMARC

ПолеНазваниеЗначение
  Тип записи a
  Библиографический уровень m
001 Контрольный номер c5098aa455464d5cbfcd8c1b1b75c051
005 Дата корректировки 20140606151546.1
010 Индекс ISBN __
a ISBN 978-5-98704-039-6
200 Заглавие и сведения об ответственности 1_
a Заглавие Русский язык и культура речи
e Сведения, относящиеся к заглавию учеб. для сред. проф. образования
f Первые сведения об ответственности И. Б. Голуб
210 Выходные данные 1_
c Издательство Логос
a Место издания Москва
d Дата издания 2007
215 Физическое описание __
a Объем 442, [2] с.
225 Серия 2_
a Серия Новая студенческая библиотека
300 Общие примечания __
a Общие примечания гриф МО
610 Ключевые слова 0_
a Ключевые слова русский язык
610 Ключевые слова 0_
a Ключевые слова культура речи
610 Ключевые слова 0_
a Ключевые слова стилистика
610 Ключевые слова 0_
a Ключевые слова орфография
610 Ключевые слова 0_
a Ключевые слова пунктуация
610 Ключевые слова 0_
a Ключевые слова правописание
610 Ключевые слова 0_
a Ключевые слова красноречие
610 Ключевые слова 0_
a Ключевые слова орфоэпия
610 Ключевые слова 0_
a Ключевые слова жаргонизмы
610 Ключевые слова 0_
a Ключевые слова публичное выступление
610 Ключевые слова 0_
a Ключевые слова ораторское мастерство
610 Ключевые слова 0_
a Ключевые слова словарь ударений
610 Ключевые слова 0_
a Ключевые слова гриф МО
686 Индексы других классификаций __
a Классификационный индекс 81.411.2-923
2 Код системы rubbk
700 Автор _1
a Фамилия Голуб
b Имя И. Б.
g Полное личное имя Ирина Борисовна
801 Источник записи _0
a Страна RU
b Организация РУК
c Дата составления 20080512
g Правила каталогизации PSBO
801 Источник записи _1
a Страна RU
b Организация РУК
c Дата составления 20080512
g Правила каталогизации PSBO
852 Данные о местонахождении __
j Шифр хранения ББК 81.411.2
i Авторский знак Г62
901 Тип документа __
t Тип документа m
938 Служебная информация __
a Название организации Головной вуз
b Имя БД BOOK
c Название АИБС АИБС ИРБИС
952 Тип литературы __
b Гриф литературы для ВШ гриф МО